000 00725nam a2200289Ia 4500
005 20260324130619.0
008 008 260324s9999 xx 000 0 eng d
020 _a9780203947029
037 _aEBOOK
040 _aCRL
040 _beng
040 _cCRL
041 _2eng
041 _aeng
084 _qCRL
100 _aHåkan Håkansson; Alexandra Waluszewski
_91182437
245 0 _aKnowledge and Innovation in Business and Industry
245 4 _bThe Importance of Using Others
260 _bTaylor and Francis
260 _c2007
365 _a
365 _b280
856 _uhttp://www.taylorfrancis.com/books/9780203947029
942 _cEBOOK
999 _c1778758
_d1778758